[Event "Mistrzostwa Malopolski A"]
[Site "Krakow, Hotel Europejski"]
[Date "2013.??.??"]
[Round "8.11"]
[White "Knapik, Lucjan"]
[Black "Chmiel, Marcin"]
[Result "0-1"]
[WhiteElo "1889"]
[BlackElo "1956"]
[PlyCount "69"]
[EventDate "2013.??.??"]

1. e4 g6 2. d4 Bg7 3. f4 d5 4. e5 Nh6 5. Nf3 O-O 6. Be2 Bg4 7. O-O f6 8. c3 Nd7
9. h3 Bxf3 10. Bxf3 e6 11. Na3 c5 12. Be3 fxe5 13. fxe5 cxd4 14. cxd4 Qb6 15.
Qb3 Qxb3 16. axb3 Nf5 17. Bf2 a6 18. Rac1 Rac8 19. Rc3 Bh6 20. Rd1 b5 21. b4
Rxc3 22. bxc3 Nb6 23. Kf1 Na4 24. Rd3 Nb2 25. Ke2 Nxd3 26. Kxd3 Kf7 27. Nc2 Ra8
28. g4 Ne7 29. Bg3 Nc6 30. h4 a5 31. bxa5 Rxa5 32. g5 Bf8 33. Ne3 b4 34. Be1 b3
35. c4 0-1

[Event "Mistrzostwa Malopolski A"]
[Site "Krakow, Hotel Europejski"]
[Date "2013.??.??"]
[Round "8.12"]
[White "Lis, Mateusz"]
[Black "Zajac, Mateusz"]
[Result "0-1"]
[WhiteElo "1687"]
[BlackElo "2060"]
[PlyCount "52"]
[EventDate "2013.??.??"]

1. e4 c5 2. Nf3 Nc6 3. d4 cxd4 4. Nxd4 Nf6 5. Nc3 d6 6. f3 e5 7. Nb3 Be7 8. Be3
Be6 9. Qd2 O-O 10. O-O-O a5 11. Kb1 a4 12. Nc1 a3 13. b3 Ra5 14. g4 d5 15. g5
d4 16. gxf6 Bxf6 17. Qg2 Qe7 18. Nd5 Bxd5 19. exd5 dxe3 20. dxc6 e4 21. f4 Qb4
22. Ne2 Rd5 23. Rc1 Rd2 24. Qg3 Rxe2 25. c3 Rb2+ 26. Ka1 Bxc3 0-1

[Event "Mistrzostwa Malopolski A"]
[Site "Krakow, Hotel Europejski"]
[Date "2013.??.??"]
[Round "8.13"]
[White "Foglia, Maurizio"]
[Black "Knapik, Andrzej"]
[Result "1-0"]
[WhiteElo "2144"]
[BlackElo "1930"]
[PlyCount "115"]
[EventDate "2013.??.??"]

1. d4 Nf6 2. Nf3 e6 3. c4 b6 4. g3 Bb7 5. Bg2 Be7 6. Nc3 O-O 7. O-O d6 8. Qd3
c5 9. b3 Nbd7 10. e3 a6 11. Bb2 Qc7 12. a4 Rab8 13. Rac1 h6 14. Nh4 Bxg2 15.
Nxg2 Nh7 16. f4 f5 17. d5 e5 18. e4 fxe4 19. Nxe4 Bf6 20. Rce1 Rbe8 21. Re2 Qb8
22. Rfe1 Qc7 23. Nxf6+ Nhxf6 24. fxe5 dxe5 25. d6 Qc6 26. Bxe5 Nxe5 27. Rxe5
Rxe5 28. Rxe5 Re8 29. Rxe8+ Qxe8 30. Ne3 Qe6 31. Kg2 Kf7 32. h3 g6 33. Ng4 Qe4+
34. Qxe4 Nxe4 35. Ne5+ Ke6 36. d7 Ke7 37. Nxg6+ Kxd7 38. Ne5+ Ke6 39. Nd3 Nd2
40. Nc1 Ke5 41. Kf2 Kd4 42. g4 Kc3 43. h4 Ne4+ 44. Ke3 Nd6 45. Kf4 Kb2 46. Ke5
Ne8 47. Ne2 Kxb3 48. g5 h5 49. Nf4 Kxa4 50. Nxh5 Kb3 51. Nf6 Ng7 52. h5 Nxh5
53. Nxh5 a5 54. g6 a4 55. g7 a3 56. g8=Q a2 57. Qa8 Kb2 58. Kd5 1-0

[Event "Mistrzostwa Malopolski A"]
[Site "Krakow, Hotel Europejski"]
[Date "2013.??.??"]
[Round "8.14"]
[White "Klementys, Jerzy"]
[Black "Ociepka, Tomasz"]
[Result "0-1"]
[WhiteElo "1800"]
[BlackElo "1812"]
[PlyCount "62"]
[EventDate "2013.??.??"]

1. d4 g6 2. c4 Bg7 3. Nc3 c5 4. d5 Nf6 5. Nf3 d6 6. e4 O-O 7. h3 Na6 8. a3 Nc7
9. Qc2 Bd7 10. Be2 a6 11. a4 b6 12. O-O Rb8 13. Bg5 h6 14. Bf4 b5 15. axb5 axb5
16. cxb5 Nxb5 17. Rfd1 Qb6 18. e5 Nh5 19. Bh2 Nd4 20. Nxd4 cxd4 21. Ne4 dxe5
22. Bxh5 gxh5 23. Qe2 Qg6 24. Ra3 Bb5 25. Qe1 h4 26. f4 f5 27. Nc5 e4 28. Ne6
Rf7 29. Nxd4 Qb6 30. Qf2 Bd3 31. Nc6 e3 0-1

[Event "Mistrzostwa Malopolski A"]
[Site "Krakow, Hotel Europejski"]
[Date "2013.??.??"]
[Round "8.15"]
[White "Kasperek, Krzysztof"]
[Black "Zaboklicki, Zbigniew"]
[Result "1-0"]
[WhiteElo "1810"]
[BlackElo "1835"]
[PlyCount "123"]
[EventDate "2013.??.??"]

1. c4 Nf6 2. Nc3 g6 3. Nf3 Bg7 4. g3 O-O 5. Bg2 d6 6. O-O c6 7. b3 Qa5 8. Bb2
Qh5 9. d4 Bh3 10. Qc2 Bxg2 11. Kxg2 Na6 12. e4 Nb4 13. Qe2 Qg4 14. h3 Qd7 15.
a3 Na6 16. Rad1 Ne8 17. b4 Nac7 18. e5 d5 19. Nh2 e6 20. f4 f5 21. exf6 Nxf6
22. Nf3 Nh5 23. Ne5 Qe8 24. Rfe1 Rxf4 25. Bc1 Rf8 26. a4 Qe7 27. c5 Rf5 28. Ng4
Raf8 29. b5 Qf7 30. b6 axb6 31. cxb6 Rf3 32. bxc7 Rxg3+ 33. Kh2 Rxc3 34. Qxe6
Rc2+ 35. Bd2 Qxe6 36. Rxe6 Rc8 37. Re7 Bf8 38. Rd7 Rxc7 39. Rd8 Kg7 40. Kg1
Rxd2 41. Rxd2 Be7 42. Rb8 Nf6 43. Rb2 Nxg4 44. hxg4 Bf6 45. Rb4 Kh6 46. Kg2 Kg5
47. R4xb7 Rxb7 48. Rxb7 Bxd4 49. Rxh7 Kxg4 50. Rc7 Kf4 51. Rxc6 g5 52. a5 g4
53. a6 Ke4 54. Re6+ Kd3 55. Rg6 Bc5 56. Rg5 Kc4 57. Rg7 Kb5 58. a7 Bxa7 59.
Rxa7 Kc4 60. Kf1 Kd3 61. Rg7 d4 62. Rxg4 1-0

[Event "Krakow, Hotel Europejski"]
[Site "Krakow, Hotel Europejski"]
[Date "2013.??.??"]
[Round "9.3"]
[White "Tokarski, Lukasz"]
[Black "Mucha, Roman"]
[Result "0-1"]
[WhiteElo "2270"]
[BlackElo "2177"]
[PlyCount "72"]
[EventDate "2013.??.??"]

1. e4 e6 2. d4 d5 3. Nc3 Nf6 4. Bg5 Bb4 5. e5 h6 6. Be3 Ne4 7. Qg4 g5 8. a3
Bxc3+ 9. bxc3 h5 10. Qd1 c5 11. f3 Nxc3 12. Qd2 cxd4 13. Bxd4 Na4 14. Rb1 a6
15. Nh3 g4 16. Ng5 Nc6 17. Qf4 Qe7 18. c3 gxf3 19. gxf3 b5 20. Bd3 Bd7 21. h4
O-O-O 22. O-O Rdf8 23. Rfc1 Nxd4 24. cxd4+ Kb7 25. Qd2 Rc8 26. Bc2 Nb6 27. a4
f6 28. exf6 Qxf6 29. axb5 axb5 30. f4 Nc4 31. Qf2 Na3 32. Bd3 Nxb1 33. Rxb1 Kb6
34. Bxb5 Bxb5 35. Qb2 Kc7 36. Qxb5 Qxd4+ 0-1

[Event "Krakow, Hotel Europejski"]
[Site "Krakow, Hotel Europejski"]
[Date "2013.??.??"]
[Round "9.4"]
[White "Tyukhanov, Alexey"]
[Black "Gora, Jan"]
[Result "1-0"]
[WhiteElo "2237"]
[BlackElo "1958"]
[PlyCount "101"]
[EventDate "2013.??.??"]

1. e4 c5 2. Nf3 g6 3. g3 Bg7 4. Bg2 d6 5. O-O Nc6 6. Re1 e5 7. c3 Nge7 8. d3
O-O 9. a3 d5 10. b4 dxe4 11. dxe4 Qxd1 12. Rxd1 Be6 13. Be3 c4 14. a4 f5 15.
Ng5 Bc8 16. Bf1 h6 17. Bc5 Kh8 18. Nf7+ Kh7 19. Bxc4 b6 20. Bd6 Bf6 21. a5 b5
22. Bd5 Nxd5 23. Bxf8 Be6 24. exd5 Bxf7 25. Bc5 Rd8 26. Na3 Bxd5 27. Rd2 Bg5
28. f4 exf4 29. Rad1 fxg3 30. Rxd5 gxh2+ 31. Kxh2 Bf4+ 32. Kh1 Re8 33. Bxa7 h5
34. Bg1 Re2 35. a6 Ra2 36. a7 Rxa3 37. Rxb5 Nxa7 38. Ra5 Rxc3 39. Bxa7 Rh3+ 40.
Kg2 Rb3 41. Bc5 h4 42. Be7 h3+ 43. Kf2 Be3+ 44. Ke2 h2 45. Rh1 Bg1 46. Ra1 Re3+
47. Kd2 Rg3 48. Bc5 Rg2+ 49. Kd3 Bf2 50. Bxf2 Rxf2 51. Rab1 1-0

[Event "Krakow, Hotel Europejski"]
[Site "Krakow, Hotel Europejski"]
[Date "2013.??.??"]
[Round "9.5"]
[White "Szuper, Paul"]
[Black "Shilov, Sergej"]
[Result "1/2-1/2"]
[WhiteElo "2188"]
[BlackElo "2217"]
[PlyCount "24"]
[EventDate "2013.??.??"]

1. d4 Nf6 2. c4 c5 3. Nf3 cxd4 4. Nxd4 e6 5. Nc3 Nc6 6. a3 Qb6 7. Ndb5 d5 8.
Be3 d4 9. Bxd4 Nxd4 10. Qxd4 Bc5 11. Qf4 O-O 12. b4 Be7 1/2-1/2

[Event "Krakow, Hotel Europejski"]
[Site "Krakow, Hotel Europejski"]
[Date "2013.??.??"]
[Round "9.6"]
[White "Kumor, Lukasz"]
[Black "Gawronski, Lukasz"]
[Result "1-0"]
[WhiteElo "2120"]
[BlackElo "2063"]
[PlyCount "107"]
[EventDate "2013.??.??"]

1. e4 c5 2. Nf3 Nc6 3. d4 cxd4 4. Nxd4 Nf6 5. Nc3 e5 6. Ndb5 d6 7. Bg5 a6 8.
Na3 b5 9. Bxf6 gxf6 10. Nd5 Bg7 11. Bd3 Ne7 12. Nxe7 Qxe7 13. O-O f5 14. c4 O-O
15. Qf3 bxc4 16. Nxc4 d5 17. exd5 e4 18. Qe3 Re8 19. Rfe1 Qf6 20. Qb6 Bd7 21.
Qxf6 Bxf6 22. Bc2 Red8 23. Rad1 Rac8 24. Bb3 Bb5 25. Ne3 Bd7 26. Rd2 f4 27. Nc4
Bf5 28. g3 e3 29. fxe3 fxg3 30. e4 gxh2+ 31. Kxh2 Re8 32. e5 Rxc4 33. Bxc4
Bxe5+ 34. Kh1 f6 35. Bxa6 Kf7 36. Bb5 Rb8 37. a4 Bg3 38. Ree2 Bg4 39. Rf2 Bxf2
40. Rxf2 Rd8 41. Bc6 Ke7 42. a5 Bd7 43. b4 Rb8 44. Rb2 Bxc6 45. dxc6 Kd6 46. b5
Kc7 47. Kg2 h5 48. Kf3 f5 49. Kf4 h4 50. Ke5 h3 51. Kd5 Rd8+ 52. Kc5 Rd1 53.
b6+ Kd8 54. b7 1-0

[Event "Krakow, Hotel Europejski"]
[Site "Krakow, Hotel Europejski"]
[Date "2013.??.??"]
[Round "9.7"]
[White "Watorek, Marcin"]
[Black "Chmiel, Marcin"]
[Result "1/2-1/2"]
[WhiteElo "2109"]
[BlackElo "1956"]
[PlyCount "78"]
[EventDate "2013.??.??"]

1. d4 Nf6 2. c4 d6 3. Nf3 g6 4. Nc3 Bg7 5. g3 O-O 6. Bg2 Nbd7 7. O-O e5 8. e4
a6 9. Re1 exd4 10. Nxd4 Ng4 11. h3 Qf6 12. Nf3 Nge5 13. Nxe5 Nxe5 14. Nd5 Qd8
15. Qc2 Nc6 16. c5 Nd4 17. Qc4 c6 18. Nf4 dxc5 19. Qxc5 Ne6 20. Qc2 Qb6 21.
Nxe6 Bxe6 22. e5 Bf5 23. Qc3 Rfd8 24. g4 Be6 25. Be3 Qb5 26. f4 Bf8 27. Qc2 Bc4
28. a4 Qb3 29. Qxb3 Bxb3 30. Be4 Bb4 31. Rf1 Bc4 32. Rfd1 Be2 33. Rxd8+ Rxd8
34. Kf2 Rd1 35. Rxd1 Bxd1 36. f5 gxf5 37. Bxf5 Bxa4 38. Bc8 b5 39. Bxa6 Bb3
1/2-1/2

[Event "Krakow, Hotel Europejski"]
[Site "Krakow, Hotel Europejski"]
[Date "2013.??.??"]
[Round "9.8"]
[White "Molenda, Marcin"]
[Black "Jakubiec, Edyta"]
[Result "1/2-1/2"]
[WhiteElo "1823"]
[BlackElo "2237"]
[PlyCount "100"]
[EventDate "2013.??.??"]

1. e4 c5 2. c3 d5 3. exd5 Qxd5 4. d4 Nf6 5. Nf3 e6 6. Be2 Nc6 7. Na3 Qd8 8. Nc2
cxd4 9. Ncxd4 Nxd4 10. Nxd4 Be7 11. O-O O-O 12. Bf3 e5 13. Nb3 Qc7 14. Re1 Be6
15. Bg5 h6 16. Bh4 Rfd8 17. Qe2 Bc4 18. Qxe5 Bd6 19. Qf5 Bxh2+ 20. Kh1 Bd3 21.
Qh3 Be5 22. Bxb7 Rab8 23. Rxe5 Qxe5 24. Bg3 Qe2 25. Bf3 Qxb2 26. Bxb8 Rxb8 27.
Rd1 Qxf2 28. Rd2 Qe1+ 29. Kh2 Bg6 30. c4 Kh7 31. Re2 Qb4 32. c5 Rd8 33. c6 Nd5
34. Qg3 Nb6 35. c7 Rf8 36. Rd2 Qe7 37. Bb7 Bf5 38. Nd4 Bc8 39. Bxc8 Rxc8 40.
Nf5 Qf6 41. Nd6 Rf8 42. Rc2 Qe6 43. Rc5 Nc8 44. Nxc8 Rxc8 45. Qd3+ g6 46. a4
Qe7 47. Qc4 Qd6+ 48. Kg1 Qd1+ 49. Kh2 Qd6+ 50. Kg1 Qd1+ 1/2-1/2

[Event "Krakow, Hotel Europejski"]
[Site "Krakow, Hotel Europejski"]
[Date "2013.??.??"]
[Round "9.9"]
[White "Betkowski, Andrzej"]
[Black "Foglia, Maurizio"]
[Result "0-1"]
[WhiteElo "2088"]
[BlackElo "2144"]
[PlyCount "94"]
[EventDate "2013.??.??"]

1. d4 d5 2. Nf3 c6 3. e3 Nf6 4. c4 g6 5. Nc3 Bg7 6. b3 O-O 7. Bd3 c5 8. O-O
cxd4 9. exd4 Bg4 10. Be2 Nc6 11. Be3 Qa5 12. Qc2 Rac8 13. a3 dxc4 14. bxc4 Rfd8
15. d5 Bxf3 16. gxf3 Ne5 17. Qb3 Nfd7 18. Rac1 Nxc4 19. Bxc4 Bxc3 20. d6 e6 21.
Rxc3 b5 22. Bxe6 Qxc3 23. Bxf7+ Kg7 24. Qxc3+ Rxc3 25. Bd4+ Kxf7 26. Bxc3 Ke6
27. Bb4 Ne5 28. Re1 Kf5 29. Re3 h5 30. Kg2 Nc4 31. Re7 a5 32. Bc5 Nxd6 33. Bb6
Ra8 34. Rc7 Nc4 35. Rc5+ Ke6 36. Rc6+ Kd7 37. Rxg6 Nxa3 38. Bc5 Nc4 39. Bd4 a4
40. Rg5 Rb8 41. f4 a3 42. f5 b4 43. Rg7+ Kd6 44. Kf3 b3 45. Ke4 b2 46. Rg6+ Kd7
47. Rg7+ Kc6 0-1

[Event "Krakow, Hotel Europejski"]
[Site "Krakow, Hotel Europejski"]
[Date "2013.??.??"]
[Round "9.10"]
[White "Kyc, Jerzy"]
[Black "Zajac, Mateusz"]
[Result "1-0"]
[WhiteElo "1880"]
[BlackElo "2060"]
[PlyCount "85"]
[EventDate "2013.??.??"]

1. e4 c5 2. Nf3 a6 3. c4 e6 4. Nc3 Qc7 5. Be2 Nf6 6. O-O Nc6 7. h3 Bd6 8. d4
cxd4 9. Nxd4 O-O 10. Be3 Bf4 11. Qd2 Nxd4 12. Qxd4 Bxe3 13. Qxe3 d6 14. Rad1 e5
15. Kh1 Be6 16. b3 Rac8 17. Rc1 Rfd8 18. Qg3 Qc5 19. Bg4 Bxg4 20. hxg4 h6 21.
g5 hxg5 22. Qxg5 Qd4 23. Qf5 b5 24. Rfd1 Qb6 25. cxb5 axb5 26. Nd5 Nxd5 27.
Rxc8 Nf4 28. Rxd8+ Qxd8 29. g3 Ne6 30. Rc1 g6 31. Qg4 Qa8 32. Rc2 Kg7 33. Kg1
b4 34. Rc4 Qb7 35. Qe2 Nd4 36. Qd3 Kh7 37. Qe3 d5 38. exd5 Qxd5 39. f4 Nf5 40.
Qf2 Qd1+ 41. Kh2 exf4 42. Rxf4 Nh6 43. Rh4 1-0

[Event "Krakow, Hotel Europejski"]
[Site "Krakow, Hotel Europejski"]
[Date "2013.??.??"]
[Round "9.11"]
[White "Bus, Konrad"]
[Black "Gbyl, Andrzej"]
[Result "1/2-1/2"]
[WhiteElo "2077"]
[BlackElo "2225"]
[PlyCount "54"]
[EventDate "2013.??.??"]

1. Nf3 d5 2. d4 c6 3. c4 Nf6 4. g3 Bf5 5. Qb3 Qb6 6. cxd5 Nxd5 7. Bg2 e6 8. O-O
Qxb3 9. axb3 Nd7 10. Nbd2 Nb4 11. Ne1 Nf6 12. e4 Bg6 13. f4 h6 14. f5 exf5 15.
exf5 Bh7 16. Nc4 a6 17. Bf4 Nfd5 18. f6 gxf6 19. Nd6+ Bxd6 20. Bxd6 Kd7 21.
Bxb4 Nxb4 22. Rxf6 Bg6 23. Rf2 Ke7 24. Nf3 Rad8 25. Ne5 Rxd4 26. Nxf7 Rh7 27.
Ne5 Bc2 1/2-1/2

[Event "Krakow, Hotel Europejski"]
[Site "Krakow, Hotel Europejski"]
[Date "2013.??.??"]
[Round "9.12"]
[White "Zadlo, Maciej"]
[Black "Kasperek, Krzysztof"]
[Result "1-0"]
[WhiteElo "1814"]
[BlackElo "1810"]
[PlyCount "47"]
[EventDate "2013.??.??"]

1. e4 c5 2. c3 Nc6 3. d4 cxd4 4. cxd4 Nf6 5. d5 Ne5 6. f4 Ng6 7. Nc3 d6 8. Nf3
e6 9. Bb5+ Bd7 10. dxe6 fxe6 11. Bc4 Qb6 12. Qe2 O-O-O 13. Be3 Qa5 14. O-O-O
Nxe4 15. Nxe4 d5 16. Neg5 dxc4 17. Nf7 Qxa2 18. Nxd8 Ba4 19. Bxa7 c3 20. Qxe6+
Qxe6 21. Nxe6 Bxd1 22. Rxd1 cxb2+ 23. Kxb2 Bb4 24. Bb6 1-0

[Event "Krakow, Hotel Europejski"]
[Site "Krakow, Hotel Europejski"]
[Date "2013.??.??"]
[Round "9.13"]
[White "Ociepka, Tomasz"]
[Black "Knapik, Lucjan"]
[Result "1/2-1/2"]
[WhiteElo "1812"]
[BlackElo "1889"]
[PlyCount "93"]
[EventDate "2013.??.??"]

1. e4 e5 2. Nf3 Nc6 3. Bb5 a6 4. Ba4 Nf6 5. O-O Be7 6. Re1 b5 7. Bb3 d6 8. a4
Bd7 9. c3 Na5 10. Bc2 c5 11. d4 cxd4 12. cxd4 Nc6 13. Nc3 b4 14. Nd5 a5 15. h3
O-O 16. Be3 Nxd5 17. exd5 Nxd4 18. Nxd4 exd4 19. Bxd4 Bf6 20. Qd2 g6 21. Re2
Rc8 22. Rd1 Bxd4 23. Qxd4 Rxc2 24. Rxc2 Bxa4 25. Rdc1 Bxc2 26. Rxc2 Re8 27. Rc6
Qe7 28. Ra6 Qe1+ 29. Kh2 Qe4 30. Qxe4 Rxe4 31. Rxa5 Re2 32. Kg3 Rxb2 33. Ra6
Rd2 34. Rxd6 b3 35. Rb6 b2 36. Kf3 Kf8 37. Ke3 Rc2 38. Rb7 h5 39. g3 Ke8 40. d6
Kd8 41. d7 Ke7 42. h4 Kd8 43. f4 Ke7 44. Kf3 Rc3+ 45. Kf2 Rd3 46. Rxb2 Kxd7 47.
Rb6 1/2-1/2

[Event "Krakow, Hotel Europejski"]
[Site "Krakow, Hotel Europejski"]
[Date "2013.??.??"]
[Round "9.14"]
[White "Knapik, Andrzej"]
[Black "Lis, Mateusz"]
[Result "1-0"]
[WhiteElo "1930"]
[BlackElo "1687"]
[PlyCount "91"]
[EventDate "2013.??.??"]

1. e4 c6 2. d4 d5 3. Nc3 dxe4 4. Nxe4 Bf5 5. Ng3 Bg6 6. h4 h6 7. h5 Bh7 8. Nf3
Nd7 9. Bd3 Bxd3 10. Qxd3 e6 11. Bd2 Qc7 12. O-O-O O-O-O 13. c4 Ngf6 14. Kb1 c5
15. Bc3 Be7 16. Qe2 Kb8 17. Ne5 Nxe5 18. dxe5 Nd7 19. f4 Nb6 20. Ne4 Na4 21.
Bd2 f5 22. Nc3 Nxc3+ 23. Bxc3 Qc6 24. b3 Kc7 25. Kb2 Rxd1 26. Rxd1 Rd8 27. Rxd8
Bxd8 28. g4 fxg4 29. Qxg4 Qd7 30. Qg6 Qe7 31. Kc2 b6 32. a3 a5 33. a4 Kb8 34.
f5 exf5 35. Qxf5 Qg5 36. Qxg5 Bxg5 37. Kd3 Kc7 38. Ke4 Kd7 39. Kf5 Ke7 40. Be1
Be3 41. Bh4+ Kf7 42. Bd8 Bd2 43. Bxb6 Bb4 44. Bc7 Bc3 45. e6+ Ke7 46. Be5 1-0

[Event "Krakow, Hotel Europejski"]
[Site "Krakow, Hotel Europejski"]
[Date "2013.??.??"]
[Round "9.15"]
[White "Zaboklicki, Zbigniew"]
[Black "Klementys, Jerzy"]
[Result "0-1"]
[WhiteElo "1835"]
[BlackElo "1800"]
[PlyCount "74"]
[EventDate "2013.??.??"]

1. e4 c5 2. Nc3 Nc6 3. g3 g6 4. Bg2 Bg7 5. Nge2 Nf6 6. d3 O-O 7. O-O Rb8 8. h3
b5 9. Nf4 e6 10. Re1 b4 11. Nb1 d6 12. Nd2 Bb7 13. a3 a5 14. axb4 axb4 15. Nb3
Nd7 16. h4 Ne7 17. Bh3 h6 18. Na5 Ba8 19. Nc4 d5 20. exd5 exd5 21. Ra7 Rb7 22.
Rxa8 Qxa8 23. Rxe7 dxc4 24. Bxd7 Qd8 25. Nxg6 Rxd7 26. Rxd7 Qxd7 27. Nxf8 Kxf8
28. Qf3 cxd3 29. Qa8+ Qe8 30. Qxe8+ Kxe8 31. cxd3 b3 32. Kf1 h5 33. Ke2 Kd7 34.
f3 f5 35. Kd1 Be5 36. f4 Bd4 37. Ke2 Kc6 0-1